书目信息 |
| 题名: |
高层建筑结构
|
|
| 作者: | 吕西林 主编 | |
| 分册: | ||
| 出版信息: | 武汉 武汉工业大学出版社 2001.08 |
|
| 页数: | 172页 | |
| 开本: | 29cm | |
| 丛书名: | ||
| 单 册: | ||
| 中图分类: | TU973 | |
| 科图分类: | ||
| 主题词: | 高层建筑--高层结构 , 高层结构 | |
| 电子资源: | ||
| ISBN: | 7-5629-1738-8 | |
| 000 | 00579nam0 2200205 45 | |
| 001 | 0257588807 | |
| 005 | 2002040815594839 | |
| 010 | @a7-5629-1738-8@dRMB 17.50 | |
| 100 | @a20020408d2001 km y0chiy0120 ea | |
| 101 | 0 | @achi |
| 102 | @aCN@b420000 | |
| 200 | 1 | @a高层建筑结构@AGao Ceng Jian Zhu Jie Gou@f吕西林主编@FLu Xi Lin Zhu Bian |
| 210 | @a武汉@c武汉工业大学出版社@d2001.08 | |
| 215 | @a172页@d29cm | |
| 606 | 0 | @a高层建筑@x高层结构 |
| 606 | 0 | @a高层结构 |
| 690 | @aTU973@v3 | |
| 701 | 0 | @a吕西林@ALu Xi Lin@4主编 |
| 801 | 0 | @aCN@bPFT@c20020408 |
| 905 | @a10447@dTU973@eL900 | |
| 高层建筑结构/吕西林主编.-武汉:武汉工业大学出版社,2001.08 |
| 172页;29cm |
| ISBN 7-5629-1738-8:RMB 17.50 |
| ● |
| 相关链接 |
|
|
|
正题名:高层建筑结构
索取号:TU973/L900
 
预约/预借
| 序号 | 登录号 | 条形码 | 馆藏地/架位号 | 状态 | 备注 |
| 1 | 356473 | 203564730 | 建筑库201/ [索取号:TU973/L900] | 在馆 | |
| 2 | 356474 | 203564749 | 建筑库201/201建筑库 87排1列5层/ [索取号:TU973/L900] | 在馆 | |
| 3 | 362474 | 203624747 | 建筑库201/201建筑库 87排1列5层/ [索取号:TU973/L900] | 在馆 |